Модальный синтез системы управления роботом; Промышленные роботы и гибкие автоматизированные производства

Bibliographische Detailangaben
Parent link:Промышленные роботы и гибкие автоматизированные производства.— 1988.— С. 111-113
1. Verfasser: Малышенко А. М. Александр Максимович
Weitere Verfasser: Снетков В. М.
Zusammenfassung:В фонде НТБ ТПУ отсутствует
Sprache:Russisch
Veröffentlicht: 1988
Schlagworte:
Format: MixedMaterials Buchkapitel
KOHA link:https://koha.lib.tpu.ru/cgi-bin/koha/opac-detail.pl?biblionumber=601163

MARC

LEADER 00000naa0a2200000 4500
001 601163
005 20250211130155.0
035 |a (RuTPU)RU\TPU\tpu\25870 
090 |a 601163 
100 |a 20141015d1988 k y0rusy50 ca 
101 0 |a rus 
102 |a RU 
200 1 |a Модальный синтез системы управления роботом   |f А. М. Малышенко, В. М. Снетков  
333 |a В фонде НТБ ТПУ отсутствует 
463 |t Промышленные роботы и гибкие автоматизированные производства  |o тезисы докладов Пятой Всесоюзной школы молодых ученых и специалистов, Нарва, 1986  |v С. 111-113  |d 1988 
610 1 |a труды учёных ТПУ 
700 1 |a Малышенко  |b А. М.  |c специалист в области информатики и вычислительной техники  |c профессор Томского политехнического университета, доктор технических наук  |c член-корреспондент Академии электротехнических наук РФ  |c действительный член Международной академии наук высшей школы  |f 1937-  |g Александр Максимович  |3 (RuTPU)RU\TPU\pers\21983  |9 9294 
701 1 |a Снетков  |b В. М. 
801 1 |a RU  |b 63413507  |c 20141015 
942 |c BK